Normal view MARC view
  • Seminario interamericano sobre planeamiento integral de la educación

Entry Nombre de Reunión

Number of records used in: 1

001 - NÚMERO DE CONTROL

  • campo de control: 53931

003 - IDENTIFICADOR DE NÚMERO DE CONTROL

  • campo de control: MX-MxUPN

005 - FECHA Y HORA DE LA ÚLTIMA TRANSACCIÓN

  • campo de control: 20241007155921.0

008 - DATOS DE LONGITUD FIJA

  • campo de control de longitud fija: 241007nn acnnnaabn n ana d

040 ## - FUENTE DE CATALOGACIÓN

  • Agencia original de catalogación: MX-MxUPN
  • Lenguaje de catalogación: spa

111 2# - ENCABEZAMIENTO - NOMBRE DE REUNIÓN

  • Nombre de reunión o de jurisdicción: Seminario interamericano sobre planeamiento integral de la educación
  • Fecha de la reunión : (1958 :
  • Lugar de la reunión: Washington)

670 ## - FUENTE EN LA QUE SE LOCALIZARON DATOS

  • Cita de la fuente: La situación de la planificación educativa en América Latina, 1983 :
  • Información localizada: página 3 (En junio de 1958 se realizó en Washington el Seminario sobre planeamiento integral de la Educación (OEA-UNESCO))

902 ## - CATALOGADOR

  • Catalogador: VíctorGodínez/071024